Flora of Dziiko/Dzukou valley/ (Record no. 139591)
[ view plain ]
| 000 -LEADER | |
|---|---|
| fixed length control field | 00577nam a22001817a 4500 |
| 005 - DATE AND TIME OF LATEST TRANSACTION | |
| control field | 20230406103518.0 |
| 010 ## - LCCN (DPL NO) | |
| LC control number | ENG-118066 |
| 020 ## - INTERNATIONAL STANDARD BOOK NUMBER | |
| International Standard Book Number | 8181770765 |
| Terms of availability | 1164.00 |
| 035 ## - SYSTEM CONTROL NUMBER | |
| System control number | EN-101598 |
| 037 ## - SOURCE OF ACQUISITION | |
| Source of stock number/acquisition | DBAD/PUB |
| 082 ## - DEWEY DECIMAL CLASSIFICATION NUMBER | |
| Classification number | 581.95455 |
| 100 ## - MAIN ENTRY--PERSONAL NAME | |
| Personal name | MAO, A. A. |
| 245 ## - TITLE STATEMENT | |
| Title | Flora of Dziiko/Dzukou valley/ |
| Statement of responsibility, etc | by A. A. Mao [and] R. Gogoi |
| 260 ## - PUBLICATION, DISTRIBUTION, ETC. (IMPRINT) | |
| Place of publication, distribution, etc | Kolkata |
| Name of publisher, distributor, etc | Botanical Survey of India |
| Date of publication, distribution, etc | 2016 |
| 270 ## - ADDRESS | |
| Address | 3,MSO BUILDING, CGO COMPLEX SALT LAKE, KOLKATA |
| City | WEST BENGAL |
| Postal code | 700064 |
| 300 ## - PHYSICAL DESCRIPTION | |
| Extent | 283p. |
| Other physical details | col. photos |
| Dimensions | 23cm.(Hb) |
| 942 ## - ADDED ENTRY ELEMENTS (KOHA) | |
| Source of classification or shelving scheme | Dewey Decimal Classification |
| Item type | English Books |
| Classification part | 581.95455 |
| Call number suffix | MAO |
| Withdrawn status | Lost status | Not for loan | Collection code | Home library | Current library | Date acquired | Source of acquisition | Cost, normal purchase price | Full call number | Barcode | Copy number | Cost, replacement price | Koha item type |
|---|---|---|---|---|---|---|---|---|---|---|---|---|---|
| Reference | Central Library | Central Library | 08/05/2017 | DBAD/PUB | 1164.00 | 581.95455 MAO | EN-101598 | 1 | 1164.00 | English Books |
